| 000 | 00938cam a22002777a 4500 | ||
|---|---|---|---|
| 003 | CHAP | ||
| 005 | 20220817041009.0 | ||
| 008 | 971013s1990 r 00010 d | ||
| 010 | _a4220 | ||
| 011 | _a5192 | ||
| 035 | _a4398 | ||
| 040 | _cCHAP | ||
| 082 |
_a378.72 _bA88 |
||
| 110 |
_aAsociación Nacional de Universidades e Institutos de Enseñanza Superior. México _98095 |
||
| 245 | 0 | _aProcedencia de los alumnos de primer ingreso a licenciatura | |
| 260 |
_a[México, D.F.] : _bAsociación Nacional de Universidades e Institutos de Enseñanza Superior, _c1990 |
||
| 300 | _a230 p | ||
| 590 |
_aBATCH-UPD _b10 _c20130110 _lUCH01 _h1927 |
||
| 590 |
_aBATCH-UPD _b10 _c20130410 _lUCH01 _h1252 |
||
| 590 |
_aBATCH-UPD _b10 _c20130914 _lUCH01 _h1244 |
||
| 590 |
_aCONVERSION _b10 _c20130109 _lUCH01 _h1303 |
||
| 650 | 1 | 4 | _aEducación superior. |
| 901 | _aBK | ||
| 942 | _cLIBRO | ||
| 949 |
_a378.72 A88 _bBC _cC _d-13939 _eC _h81588 _i4398 _mD _si |
||
| 999 |
_c4220 _d4220 |
||